|
|
|
|
| LEADER |
01033nam a2200277 a 4500 |
| 001 |
000591173 |
| 003 |
CZ BrMZK |
| 005 |
20130805111946.0 |
| 007 |
ta |
| 008 |
020320s1943 xr f |||||||||||cze d |
| 015 |
|
|
|a cnb000763362
|
| 035 |
|
|
|a (OCoLC)85687458
|
| 040 |
|
|
|a ABA001
|b cze
|c ULG001
|d ABA001
|d BOA001
|
| 041 |
0 |
|
|a cze
|a ger
|
| 100 |
1 |
|
|a Matoušek, Josef,
|d 1906-1958
|7 jk01080796
|4 aut
|
| 245 |
1 |
0 |
|a Německý těsnopis na podkladě české soustavy H.M. se dvěma úlohami /
|c Josef Matoušek, Jan Petrásek ; autografoval Emanuel Gafron
|
| 250 |
|
|
|a 2., opr. vyd.
|
| 260 |
|
|
|a Praha :
|b Orbis,
|c 1943
|
| 300 |
|
|
|a 61 s.
|
| 490 |
1 |
|
|a Domácí učení
|
| 700 |
1 |
|
|a Petrásek, Jan,
|d 1918-
|7 jk01092799
|4 aut
|
| 830 |
|
0 |
|a Domácí učení (Orbis)
|0 s
|
| 910 |
|
|
|a BOA001
|b 2-0171.477
|b PK-II-0017.078
|
| 990 |
|
|
|a BK
|
| 996 |
6 |
|
|b 2619601183
|c 2-0171.477
|l MZK
|r Sklad / do 24 hodin
|n 1
|w 000591173
|u 000020
|a 1
|e BOA001
|j MZK50
|s P
|
| 996 |
7 |
|
|b 3119681664
|c PK-II-0017.078
|l MZK
|r Sklad / do 1 hodiny
|n 0
|w 000591173
|u 000010
|a 1
|e BOA001
|j MZK50
|s A
|